Editing Techniques with Fianl Cut Pro (Record no. 354916)

MARC details
000 -LEADER
fixed length control field 00389nam a2200145Ia 4500
008 - FIXED-LENGTH DATA ELEMENTS--GENERAL INFORMATION
fixed length control field 230511s2002 xx 000 0 und d
020 ## - INTERNATIONAL STANDARD BOOK NUMBER
International Standard Book Number 0-201-73483-4
041 ## - LANGUAGE CODE
Language code of text/sound track or separate title eng
082 ## - DEWEY DECIMAL CLASSIFICATION NUMBER
Classification number 778.5235029
100 ## - MAIN ENTRY--PERSONAL NAME
Personal name Wohl Michael
245 ## - TITLE STATEMENT
Title Editing Techniques with Fianl Cut Pro
260 ## - PUBLICATION, DISTRIBUTION, ETC.
Place of publication, distribution, etc. California
Name of publisher, distributor, etc. Peachpit Press Berkeley
Date of publication, distribution, etc. 2002
300 ## - PHYSICAL DESCRIPTION
Extent 457PB 23X18 cm
650 ## - SUBJECT ADDED ENTRY--TOPICAL TERM
Topical term or geographic name entry element Editing (P)
Holdings
Withdrawn status Lost status Damaged status Not for loan Home library Current library Date acquired Source of acquisition Cost, normal purchase price Total Checkouts Full call number Barcode Date last seen Date last checked out Price effective from Koha item type
        School of Photography, Pune School of Photography, Pune 11/05/2023 Bharati Madh.Sah. Grahak Bhandar Ltd Pune-411030 3019.00 1 778.5235029 SPP-386 22/01/2026 23/07/2025 11/05/2023 Book